Norma, causalidad y acción. Una teoría de las normas para dogmática de los delitos de resultado puros.

-д хадгалсан:
Номзүйн дэлгэрэнгүй
Үндсэн зохиолч: Mañalich Raffo, Juan Pablo (autor)
Формат: Ном
Хэвлэсэн: Madrid, España: Marcial Pons, 2014.
Цуврал:Colección Derecho penal y Criminología
Нөхцлүүд:
Шошгууд: Шошго нэмэх
Шошго байхгүй, Энэхүү баримтыг шошголох эхний хүн болох!

MARC

LEADER 00000nam a22000007a 4500
003 CL-VaPUC
005 20231212164709.0
008 231128t2014 ||||| |||| 00| 0 eng d
999 |c 442626  |d 442624 
020 |a 978-84-15948-91-9 
040 |c Pontificia Universidad Católica de Valparaíso 
082 0 4 |2 21  |a 345 MAÑ 2014 
100 1 |a Mañalich Raffo, Juan Pablo  |e autor  |9 886402 
245 1 0 |a Norma, causalidad y acción.  |b Una teoría de las normas para dogmática de los delitos de resultado puros. 
260 |a Madrid, España:  |b Marcial Pons,  |c 2014. 
300 |a 173 páginas. 
490 0 |a Colección Derecho penal y Criminología 
500 |a c.1.Reposición. Memo DER 047. 24-11-2023 
583 |c 20231128  |k Catalogador Asistente 
650 1 |a Acción  |x Derecho penal español  |9 886403 
650 1 |a Causalidad  |x Derecho penal español  |9 886404 
650 1 |a Teoría del delito  |9 258906 
942 |2 ddc  |c BK 
952 |0 0  |1 0  |2 ddc  |4 0  |6 345_000000000000000_MAÑ_2014  |7 0  |8 A  |9 592692  |a BIBDER  |b BIBDER  |d 2023-11-28  |e Reposición  |i 5659695  |l 4  |o 345 MAÑ 2014  |p 5659695  |r 2024-12-19  |s 2024-12-11  |t 1  |w 2023-11-28  |y BK  |k DER